Регионална библиотека "Любен Каравелов" - Русе

Книга за професор Любомир Тенев (Запис номер 30075)

MARC детайли
000 -Лидер
Контролно поле с фиксирана дължина 01618nam a2200385 c 4500
003 - Код на организацията, давaща контролен номер
Контролно поле BLK
005 - Дата и час на последна редакция
Контролно поле 20240405092115.0
008 - Елементи от данни с фиксирана дължина
fixed length control field 180407b bul|||||r ||||||| ||bul||
010 ## - Наследен системен номер
LC control number KNG00032707000
020 ## - Международен стандартен номер на книга ISBN
Международен стандартен номер на книга ISBN 954-737-064-2
-- издат.: Аб
040 ## - Източник на каталожния запис
Идентификатор на билиотеката - собственик на записа BLK
041 ## - Код за език
Код за езика на текст/звукозапис или на отделно заглавие Български
Код за езика КДБФ Български
080 ## - УДК
Текстов определител УДК Драматични театри. Театри за драма и комедия. Вж и 82-2
УДК код - определител по УДК 792.2
УДК определител .072(497.2)(092)
УДК - код + определител 792.2.072(497.2)(092)
080 ## - УДК
Текстов определител УДК Български театровед
УДК код - определител по УДК 929 Тенев, Любомир Димов
УДК определител
УДК - код + определител 929 Тенев, Любомир Димов
139 ## - Редно поле
Редна дума Книга за професор Любомир Тенев
Авторски знак Тен - Т 48
245 10 - Сведения за заглавието
Заглавие Книга за професор Любомир Тенев
Редно поле (дума) състав. Димитър Цолов.
257 ## - Страна на издаване
Страна на създаване/издаване България
260 ## - Област на издателските данни
-- София
Име на издателя, разпространителя и проч. Аб
Година на издаване 2000
300 ## - Физическа характеристика
Страници 291 с.
Илюстрации и др. със сн.
Размери/Мащаб 21 см
380 ## - Жанр
Жанр Изкуство
500 ## - Общи забележки
Забележка Офс. изд. - 500 тир.
600 #0 - Име на лице, използвано като предмет
За него / За нея Тенев, Любомир Димов
Свързани дати 1915-1993
Друга информация Театрален теоретик и критик.
9 (RLIN) 270635
650 #4 - Допълнително описание по предмет – тема
Основно описание – тема или топоним Театроведи, български - спомени
9 (RLIN) 266077
650 #4 - Допълнително описание по предмет – тема
Основно описание – тема или топоним Тенев, Любомир Димов
9 (RLIN) 270635
651 #4 - Допълнително описание по предмет - топоним
Географско понятие България
9 (RLIN) 241624
653 ## - Ключова дума – ненормативна
Ключова дума Любомир Тенев
653 ## - Ключова дума – ненормативна
Ключова дума театроведи
700 1# - Други автори (авторска отговорност)
Лично име Цолов, Димитър
Автороска отговорност (Описва отношението между автора и произведението) състав.
9 (RLIN) 366493
852 ## - Местоположение
Форматна сигнатура Цб 204887
856 4# - Електронен адрес и достъп
Електронен формат pdf - файл
Път до файла /url/
856 4# - Електронен адрес и достъп
Електронен формат pdf - файл
Път до файла /url/
942 ## - АРТИКУЛИ
Вид на библиотечния материал Книги
Скрит в OPAC Не
944 ## - СЪЗДАВАНЕ И РЕДАКЦИЯ на ЗАПИСА
Създаване/Редакция Създаване
Дата на регистрацията/редакция 15.01.2003
Статус, дата на статуса Геновева Генчева
Служител, извършил регистрацията/редакцията 30560
944 ## - СЪЗДАВАНЕ И РЕДАКЦИЯ на ЗАПИСА
Създаване/Редакция Редакция
Дата на регистрацията/редакция 21.01.2010
Статус, дата на статуса ф /
Служител, извършил регистрацията/редакцията
999 ## - СИСТЕМНИ КОНТРОЛНИ НОМЕРА
Koha biblionumber 30075
Koha biblioitemnumber 30075
Наличности
Код за отписване Код за изгубен артикул Източник на класификационната схема Код за повреда Коз за рестрикции Код за отдаване Артикулен № Име на библиотеката - собственик Име на библиотеката, в която се намира в момента Статус (Текущо местоположение) Дата на вписване в системата Местоположение - отдел Цена в лева Инвентарен номер Систематично азбучна сигнатура Баркод Номер на екземпляра Цена в евро Служебна бележка Служебен тип на артикула
  Не е изгубен Universal Decimal Classification Не е повреден само за читалня ползва се в читалня 48245 Регионална библиотека "Любен Каравелов" Русе Регионална библиотека "Любен Каравелов" Русе Хранилище 2001-01-01 Хранилище 0.00 656158 Цб 204887 120000656158 1 0.00 Дост: Dp Вид: Д N: стар фонд Дата: 01.01.2000 Книги
  Не е изгубен Universal Decimal Classification Не е повреден без рестрикции заемане за дома 48246 Регионална библиотека "Любен Каравелов" Русе Регионална библиотека "Любен Каравелов" Русе Отдел Изкуство - подръчен фонд 2009-10-27 Отдел Изкуство - подръчен фонд 7.00 120000739370 792(497.2)(092)/Т 48 120000739370 2 3.58 Дост: DA Вид: А N: 14 Дата: 27.10.2009 Дата инв: 05.04.2017 Бележки инв: ИП2017 Книги
Vip Innovations Ltd, Rousse, Bulgaria 2025